Compendio 2012: taller primer año Arquitectura 2012

Guardat en:
Dades bibliogràfiques
Autors principals: Cáraves Silva, Patricio (autor), Caro Moreno, Erick (Autor), Requesens Aldea, Valentina Isabel (Autor)
Altres autors: Ferrada Herrera, Jorge Alfonso (autor), Mercado Jara, Álvaro (autor)
Format: Llibre
Idioma:espanyol
Publicat: Valparaíso Pontificia Universidad Católica de Valparaíso.Escuela de Arquitectura y Diseño 2013
Matèries:
Etiquetes: Afegir etiqueta
Sense etiquetes, Sigues el primer a etiquetar aquest registre!

MARC

LEADER 00000cam a2200000 a 4500
001 UCF9202
003 CL-VaPUC
008 131025e20130600cl |||||||||||||||||spa|d
082 0 4 |a 720  |b CAR  |2 21 
100 |a Cáraves Silva, Patricio  |e autor  |9 709220 
700 |a Ferrada Herrera, Jorge Alfonso  |e autor  |9 824254 
700 0 |a Caro Moreno, Erick  |e author  |9 571444 
700 |a Mercado Jara, Álvaro  |e autor  |9 849616 
700 0 |a Requesens Aldea, Valentina Isabel  |e author  |9 571446 
245 1 0 |a Compendio 2012: taller primer año Arquitectura 2012 
300 |a 270 p 
942 |c BK 
945 |d 20131025 12:28:00  |a dcastane 
260 |a Valparaíso  |b Pontificia Universidad Católica de Valparaíso.Escuela de Arquitectura y Diseño  |c 2013 
650 0 |a Arquitectura  |9 804558 
650 0 |a Filosofía de la arquitectura  |9 267382 
650 0 |a Talleres educacionales   |9 339158 
583 |a last modification  |c 20131025 12:28:00  |k Rodrigo Vera 
999 |c 353677  |d 353675 
952 |0 0  |1 0  |3 erb  |4 0  |6 720_000000000000000_CAR_2013  |7 0  |8 R  |9 459030  |a BIBARQ  |b BIBARQ  |d 2019-11-23  |i 5021618  |l 1  |o 720 CAR 2013  |p 5021618  |r 2025-01-20  |s 2023-11-28  |w 2019-11-23  |y BK_R  |z Catalogado en:20131025  |k ARQ 
952 |0 0  |1 0  |3 erb  |4 0  |6 720_000000000000000_CAR_2013  |7 0  |8 R  |9 459031  |a BIBARQ  |b BIBARQ  |d 2019-11-23  |i 502160K  |l 1  |o 720 CAR 2013  |p 502160K  |r 2025-04-11  |s 2025-04-11  |w 2019-11-23  |y BK_R  |z Catalogado en:20131025  |k ARQ